Statistiques concernant Anagramme #1 (Facile)

Cliquez ici pour prendre le quiz!

Statistiques générales

  • Ce quiz a été pris 111 fois
  • Le résultat moyen est 7 sur 10

Statistiques - réponses

AnagrammeIndiceNom de l'animal% Correct
3AlpinGuide d'AliceLapin
100%
43RendraIl est rusé et malinRenard
100%
45RoqueBaleine tueuseOrque
96%
30LoinC'est le RoiLion
95%
1AgileSymbole de l'Empire romainAigle
94%
51TourteElle marche lentementTortue
94%
22GelaiSymbole de l'AllemagneAigle
93%
31LoupeElle cherche du grainPoule
93%
2AireElle est toujours à platRaie
90%
19EnfouiSournoise ou vicieuseFouine
89%
49SoieElles migrent l’hiver ou gardent la basse-courOies
88%
34OrnatPeut être laveurRaton
88%
48SigneOn peut être malin comme luiSinge
87%
23GirolleKing KongGorille
86%
25HersionsLorsqu'il est de Roujan, il est l'un des animaux totémiques de l'HéraultHérisson
86%
41PoisonsDernier signe astrologiquePoisson
85%
33NicheIl y est bien abritéChien
83%
54TyphonLangage de programmationPython
82%
42RégitShere KhanTigre
82%
28LiageSymbole de l'Empire romainAigle
81%
7CabreC'est le nom d'une constellation et la représentation de l'un des 12 signes astrologiquesCrabe
81%
55UrgeAppareil de levage et de manutention pour les lourdes chargesGrue
81%
10ChomantPeut être empereurManchot
81%
53TronaPeut être laveurRaton
80%
18EmueAu côté du kangourou, il figure sur les armoiries de l'AustralieEmeu
79%
12CorsatLe père ne laisse jamais passer une occasion de raconter une histoire à ses trois enfants, Câline, Grignote et BenjaminCastor
78%
46PrésentMalédiction de MéduseSerpent
78%
4BlagueBaleine blancheBéluga
72%
20FigeraSi son nom est Sophie, elle est créée en 1961 et destiné à être mordillé par les nourrissonsGirafe
72%
16DigonCréé en 1932 et ami d'une sourisDingo
71%
35Ormes-- --- .-. ... .Morse
71%
26LaminaViendrait d'un dérivé latin signifiant "souffle, air" et souvent traduit par "âme"Animal
67%
39PoigneA l'occasion, il est voyageurPigeon
67%
8CadranIl affectionne les maresCanard
65%
36OurletPatronus d'HermioneLoutre
65%
6BonisFuté, c'est le centre national d'information routièreBison
64%
44RotulePatronus d'HermioneLoutre
64%
32NavraLe mot est une latinisation du mot égyptien waran qui signifie « avertisseur »Varan
63%
24GrondaChez Tolkien, le premier d'entre eux s'appelle GlaurungDragon
62%
11CordonEn or, véhicule d'EstebanCondor
55%
47SignalerIl fonce dans la forêtSanglier
55%
17EchaumaDessiné par Didou dans l'épisode 3Chameau
52%
27LardezCurtis Connors chez MarvelLézard
50%
5BluffeDeuxième signe du zodiaqueBuffle
47%
9ChomaisCousin de l'isardChamois
46%
21FumoirsSeule est voisine d'une chanteuse estivaleFourmis
45%
50TenteraiSi une princesse l'embrasse, elle peut reprendre forme humaineRainette
42%
40PoilanteNomvernaculairegénérique de certains mammifèresruminants aux pattesfines et aux cornesarquées. Peut désigner de nombreux bovidés,l'exclusion des ovins, des caprins, et des vaches et autres animaux de bétailressemblantsAntilope
38%
15DéploraDans le dessin animé Tarzan de Disney, il est l'ennemi principalLéopard
36%
13CourbaiParfois appelé renne en EuropeCaribou
31%
52TripléeL'herpétophobie en est sa peurReptile
21%
38PinacleFlagada JonesPélican
13%
29LingeraIl fonce dans la forêtSanglier
8%
14CreusaitSentinelle du désertSuricate
8%
56VéhiculerSon nom attribué au 15e jour du mois de frimaire du calendrier républicain, généralement chaque 5 décembre du calendrier grégorien.Chevreuil
7%
37PalmaiAu Kenya, il est surnommé « Cent-onze »Impala
0%

Distribution des résultats

Percentile par nombre de réponses

% des personnes avec chaque résultat

Votre développement - résultats

Vous n’avez pas pris ce quiz